000
00292nam a2200121Ia 4500
008
191201s2013 xx 000 0 und d
100
_a
PUNMIA, B.C.
245
0
_a
Surveying Vol-1
260
_a
N. Delhi
_b
Laxmi Publications
_c
2013
300
_a
536+52
650
_a
B.Tech(CE)
942
_2
ddc
_c
BK
999
_c
6538
_d
6538